000306477 001__ 306477
000306477 005__ 20230204173749.0
000306477 0247_ $$aG:(GEPRIS)5434369$$d5434369
000306477 035__ $$aG:(GEPRIS)5434369
000306477 040__ $$aGEPRIS$$chttp://gepris.its.kfa-juelich.de
000306477 150__ $$aAdsorption und Reaktivität redoxaktiver Metalloporphyrine (A 09)$$y2004 - 2012
000306477 371__ $$aProfessor Dr. Michael Gottfried
000306477 371__ $$aPrivatdozent Dr. Hubertus Marbach
000306477 371__ $$aProfessor Dr. Hans-Peter Steinrück
000306477 450__ $$aSFB 583 A 09$$wd$$y2004 - 2012
000306477 5101_ $$0I:(DE-588b)2007744-0$$aDeutsche Forschungsgemeinschaft$$bDFG
000306477 550__ $$0G:(GEPRIS)5484668$$aSFB 583: Redoxaktive Metallkomplexe - Reaktivitätssteuerung durch molekulare Architekturen$$wt
000306477 680__ $$aUntersucht werden sollen definierte Monolagen von redoxaktiven Metalloporphyrinen auf einund polykristallinen Oberflächen mittels Rastertunnelmikroskopie, Photoelektronenspektroskopie und anderen Methoden. Im Mittelpunkt stehen dabei neuartige Oberflächenreaktionen wie die direkte Metallierung adsorbierter Porphyrine (mit Fe, Ti, V, Cr, Mo) und die Aktivierung reaktionsträger Moleküle (CO2, N2) an den Metallzentren. Die Reaktivität dieser Zentren soll dabei über die Wechselwirkung mit dem Substrat gesteuert werden, um Einblicke in die katalytische Wirkungsweise geträgerter Metallkomplexe zu erhalten.
000306477 909CO $$ooai:juser.fz-juelich.de:973352$$pauthority:GRANT$$pauthority
000306477 909CO $$ooai:juser.fz-juelich.de:973352
000306477 980__ $$aG
000306477 980__ $$aAUTHORITY